• 首页
  • 本馆介绍
  • 公告通知
  • 最新文献
  • 馆藏检索
  • 电子资源
  • 读者导购
  • 参考咨询
  • 我的图书馆
  • 登录
  • 详细信息显示
  • 放入我的书架
  • 预约/预借图书
  • 作者相关作品
  • 分类相关作品
  • 丛书相关作品
  • 出版社相关作品

书目信息

  • 表格格式
  • 工作单格式
  • 卡片格式
题名:
阵纪注释
    
 
作者: 何良臣 撰 ;陈秉才 点注
分册:  
出版信息: 北京   军事科学出版社  1984
页数: 249页
开本: 20cm
丛书名:
单 册:
中图分类: E892.48
科图分类:
主题词: 兵法--中国--明代
电子资源:
ISBN:
000 00681nam0 2200253 45
001 0184006762
005 20060726110210.79
010    @dCNY1.25
091    @aCN@b5291.010
100    @a19960215d1984 em y0chiy0121 ea
101 0  @achi
102    @aCN@b110000
105    @ay z 000yy
200 10 @a阵纪注释@Azhen ji zhu shi@f(明)何良臣撰@g陈秉才点注
210    @a北京@c军事科学出版社@d1984
215    @a249页@d20cm
300    @a中国古代军事著述选读
605    @a阵纪@x注释
606    @a兵法@y中国@z明代
690    @aE892.48@v3
701  0 @a何良臣@Ahe liang chen@4撰
702  0 @a陈秉才@Achen bing cai@4点注
801  0 @aCN@bTSSF@c20060726
905    @a10447@dE892.48@e38
    
    阵纪注释/(明)何良臣撰/陈秉才点注.-北京:军事科学出版社,1984
    249页;20cm
    中国古代军事著述选读
    
    ISBN :CNY1.25
    
●
相关链接 在E读中查询图书 在五车中查询图书 在当当中查询图书 在豆瓣中查询图书


正题名:阵纪注释     索取号:E892.48/38         预约/预借

序号 登录号 条形码 馆藏地/架位号 状态 备注
1 0425510   204255108   密集书库/ [索取号:E892.48/38] 在馆    
2 0426574   204265749   密集书库/ [索取号:E892.48/38] 在馆    
3 0426575   204265758   密集书库/ [索取号:E892.48/38] 在馆    
唐山师范学院图书馆 欢迎您!
大连网信软件有限公司© 版权所有